Miss Universe Country Titleholders - Statistics

General Stats
  • This quiz has been taken 2,615 times
    1,290 since last reset
  • The average score is 58 of 69
Answer Stats
Year Winner Country % Correct
1954 Miriam Stevenson United States
99%
1956 Carol Morris United States
99%
1960 Linda Bement United States
99%
1967 Sylvia Hitchcock United States
99%
1980 Shawn Weatherly United States
99%
1995 Chelsi Smith United States
99%
1997 Brook Lee United States
99%
2012 Olivia Culpo United States
99%
1953 Christiane Martel France
96%
2016 Iris Mittenaere France
96%
1958 Luz Marina Zuluaga Colombia
95%
2014 Paulina Vega Colombia
95%
1959 Akiko Kojima Japan
95%
2007 Riyo Mori Japan
95%
1991 Lupita Jones Mexico
95%
2010 Ximena Navarrete Mexico
95%
2020 Andrea Meza Mexico
95%
1979 Maritza Sayalero Venezuela
93%
1981 Irene Sáez Venezuela
93%
1986 Bárbara Palacios Venezuela
93%
1996 Alicia Machado Venezuela
93%
2008 Dayana Mendoza Venezuela
93%
2009 Stefanía Fernández Venezuela
93%
2013 Gabriela Isler Venezuela
93%
1978 Margaret Gardiner South Africa
92%
2017 Demi-Leigh Nel-Peters South Africa
92%
2019 Zozibini Tunzi South Africa
92%
1982 Karen Dianne Baldwin Canada
91%
2005 Natalie Glebova Canada
91%
1972 Kerry Anne Wells Australia
90%
2004 Jennifer Hawkins Australia
90%
1994 Sushmita Sen India
90%
2000 Lara Dutta India
90%
1969 Gloria Diaz Philippines
89%
1973 Margarita Moran Philippines
89%
2015 Pia Wurtzbach Philippines
89%
2018 Catriona Gray Philippines
89%
1974 Amparo Muñoz Spain
89%
1952 Armi Kuusela Finland
86%
1975 Anne Marie Pohtamo Finland
86%
1963 Iêda Maria Vargas Brazil
85%
1968 Martha Vanconcellos Brazil
85%
1955 Hillevi Rombin Sweden
85%
1966 Margareta Arvidsson Sweden
85%
1984 Yvonne Ryding Sweden
85%
1961 Marlene Schmidt Germany
84%
1965 Apasra Hongsakula Thailand
82%
1988 Porntip Nakhirunkanok Thailand
82%
1957 Gladys Zender Peru
81%
1962 Norma Nolan Argentina
79%
1990 Mona Grudt Norway
78%
1987 Cecila Bolocco Chile
77%
2002 Justine Pasek Panama
76%
2003 Amelia Vega Dominican Republic
75%
1989 Angela Visser Netherlands
69%
1983 Lorraine Downes New Zealand
69%
2011 Leila Lopes Angola
67%
1964 Corinna Tsopei Greece
67%
1970 Marisol Malaret Puerto Rico
67%
1985 Deborah Carthy-Deu Puerto Rico
67%
1993 Dayanara Torres Puerto Rico
67%
2001 Denise Quiñones Puerto Rico
67%
2006 Zuleyka Rivera Puerto Rico
67%
1976 Rina Messinger Israel
64%
1977 Janelle Commissiong Trinidad and Tobago
62%
1998 Wendy Fitzwilliam Trinidad and Tobago
62%
1999 Mpule Kwelagobe Botswana
59%
1992 Michelle Mclean Namibia
55%
1971 Georgina Rizk Lebanon
48%
No matching quizzes found
Score Distribution
Percent of People with Each Score
Percentile by Number Answered
Your Score History
You have not taken this quiz since the last reset